F1 kuljettajien kansalaisuudet - Statistics

Yleistilastot
  • Tätä visaa on pelattu 106 kertaa
  • Keskiarvotulos 16 / 20
Vastaustilastot
Kuljettaja Kansalaisuus % Oikein
Valtteri Bottas Suomi
97%
Max Verstappen Alankomaat
95%
Yuki Tsunoda Japani
92%
Mick Schumacher Saksa
92%
Lewis Hamilton Englanti
91%
Sebastian Vettel Saksa
90%
Fernando Alonso Espanja
89%
Carlos Sainz Jr Espanja
88%
Guanyu Zhou Kiina
86%
Kevin Magnussen Tanska
83%
Sergio Perez Meksiko
82%
Pierre Gasly Ranska
82%
Charles Leclerc Monaco
80%
Daniel Ricciardo Australia
77%
George Russell Englanti
76%
Lando Norris Englanti
75%
Lance Stroll Kanada
68%
Esteban Ocon Ranska
63%
Alexander Albon Thaimaa
62%
Nicholas Latifi Kanada
58%
Ehtoja vastaavia visoja ei löytynyt
Tulosjakauma
Jokaisen tuloksen saaneiden osuus
Persentiili vastausten määrän mukaan
Tuloshistoriasi
Et ole pelannut tätä visaa